| 000 | 00908cam a2200241 a 4500 | ||
|---|---|---|---|
| 001 | 000024505 | ||
| 005 | 20200930023217.0 | ||
| 008 | 850726s1963 pr 000 p spa d | ||
| 040 |
_aDO-SdBNP _bspa _cBNPHU |
||
| 082 |
_aPR861.4 _bD259p, 1963 |
||
| 100 | 1 |
_aDávila, Virgilio, _d1869-1943. _940808 |
|
| 245 | 1 | 0 |
_aPueblito de antes / _cVirgilio Dávila ; traducción José Antonio Dávila ; nota crítica Cesáreo Rosa-Nieves; crítica mínima por Emilio S. Belaval. |
| 250 | _a4a ed. | ||
| 260 |
_aSan Juan, (Puerto Rico) : _bEditorial Cordillera, _c1963. |
||
| 300 |
_a87 p. ; _c18 cm. |
||
| 490 | 1 | _aLos Grandes Escritores de Puerto Rico | |
| 500 | _aIncluye una traducción : 67-87 | ||
| 500 | _aIncluye notas al pie de páginas | ||
| 650 | 4 |
_aPoesía puertorriqueña _91015 |
|
| 650 | 4 |
_aLiteratura puertorriqueña _9250 |
|
| 830 | 0 |
_aLos Grandes Escritores de Puerto Rico _94237 |
|
| 049 | _aBNGR | ||
| 999 |
_c23998 _d23998 |
||